Statystyki dla Język angielski - czasowniki nieregularne 1

Kliknij tutaj aby rozwiązać quiz!

Ogólne statystyki

  • Ten quiz został rozwiązany 816 razy
  • Średni wynik to 68 z 129

Statystyki odpowiedzi

InfinitiveOdpowiedzPast SimplePast ParticipleTłumaczenie% Poprawnych
bewas/were---
96%
-been---
87%
becomebecame---
86%
-być---
84%
-become---
80%
beginbegan---
80%
breakbroke----
77%
-begun---
75%
buybought---
74%
-broken---
71%
comecame----
71%
cutcut---
71%
-bought---
70%
-cut----
69%
eatate---
68%
blowblew---
68%
-come---
68%
drinkdrank---
68%
costcost---
66%
-drunk---
66%
buildbuilt---
65%
-built---
64%
dodid---
64%
-eaten---
64%
choosechose---
63%
-cost---
63%
-done---
63%
drivedrove---
63%
-budować---
62%
-kupować---
62%
burnburned/burnt---
61%
-chosen---
61%
-pić---
61%
drawdrew---
60%
-driven---
60%
forgetforgot---
60%
givegave---
60%
getgot---
60%
-jeść---
60%
gowent----
60%
-blown----
59%
findfound---
59%
havehad---
59%
hithit---
59%
-burned/burnt---
58%
-ciąć---
58%
-got----
58%
feelfelt---
57%
-found---
57%
-given----
57%
-hit---
57%
-forgotten---
56%
-had----
56%
knowknew---
56%
fallfell---
55%
flyflew---
55%
-felt---
54%
-gone---
54%
catchcaught---
53%
-fallen---
53%
-kosztować---
53%
growgrew---
52%
-rysować---
52%
-caught---
51%
-czuć---
51%
-drawn---
51%
dreamdreamed/dreamt---
51%
hearheard----
51%
-iść---
51%
-known---
51%
learnlearned/learnt---
51%
-wybrać---
51%
-złamać---
51%
-dreamed/dreamt---
50%
feedfed---
50%
-heard---
50%
-learned/learnt---
50%
-mieć-----
50%
-fed---
49%
-flown---
49%
fightfought---
49%
-grown---
49%
hidehid-----
49%
bringbrought---
48%
-hidden----
48%
forgiveforgave---
47%
-forgiven----
47%
-fought---
47%
-marzyć-----
47%
-przyjść---
47%
-zrobić---
47%
-brought---
46%
-słyszeć-----
46%
-stać się---
46%
-walczyć---
46%
-wiedzieć---
46%
-zapomnieć---
46%
-złapać---
45%
-dać---
44%
-znaleźć---
44%
-dostać---
43%
-zacząć---
43%
-rosnąć---
42%
-uczyć się---
42%
-karmić---
41%
dealdealt---
40%
freezefroze-----
40%
-lecieć---
40%
-dealt---
39%
-frozen---
39%
leadled---
39%
-led---
38%
-spalić---
38%
-wiać---
38%
digdug---
37%
holdheld---
37%
-uderzyć----
37%
-dug---
36%
-przynieść---
36%
-held---
35%
-chować---
34%
-trzymać---
34%
-upaść---
32%
-wybaczyć---
31%
-kopać---
29%
-zamrozić----
26%
-prowadzić---
24%
-prowadzić samochód---
14%
-radzić sobie(z czymś)/zajmować się (czymś)---
5%

Rozkład punktacji

Percentyl według liczby udzielonych odpowiedzi

Procent ludzi z każdym wynikiem

Twoja historia wyników

Nie rozwiązałeś tego quizu